[Event "Hamburg-ch Seniors op 16th"]
[Site "Hamburg"]
[Date "2009.11.08"]
[Round "9"]
[White "Stubbe, Werner"]
[Black "Schierholz, Guenter"]
[Result "0-1"]
[WhiteElo "1752"]
[BlackElo "1888"]
[PlyCount "90"]
[EventDate "2009.10.31"]
[EventType "swiss"]
[EventRounds "9"]
[EventCountry "GER"]
[SourceTitle "EXT 2022"]
[Source "ChessBase"]
[SourceDate "2021.10.06"]
[SourceVersion "1"]
[SourceVersionDate "2021.10.06"]
[SourceQuality "1"]

1. d4 d5 2. Nf3 Nf6 3. e3 c6 4. Bd3 Bg4 5. Nbd2 e6 6. b3 Nbd7 7. c4 a6 8. Qc2 Bxf3 9. Nxf3 g6 10. 0-0 b5 11. e4 dxe4 12. Bxe4 Rc8 13. Bd3 b4 14. Bf4 a5 15. Rfe1 Nb6 16. Qe2 Bg7 17. d5 cxd5 18. cxd5 Nbxd5 19. Bb5+ Kf8 20. Be5 Ng4 21. Rad1 Nxe5 22. Nxe5 Qd6 23. Nc4 Qd8 24. Qf3 Qf6 25. Qg3 Kg8 26. Nd6 Rc3 27. Ne8 Qf5 28. Qb8 Bf8 29. Bd3 Rxd3 30. Rxd3 Qxd3 31. Qe5 Qf5 32. Qd4 Qf4 33. Qa7 h5 34. Qxa5 Kh7 35. g3 Qb8 36. Qa4 Bc5 37. Rxe6 fxe6 38. Qd7+ Be7 39. Nf6+ Nxf6 40. Qxe7+ Kh6 41. Qxf6 Rf8 42. Qd4 e5 43. Qe3+ Kg7 44. f4 Rf7 45. fxe5 Qa7 0-1

[Event "Hamburg-ch Seniors op 16th"]
[Site "Hamburg"]
[Date "2009.11.06"]
[Round "7"]
[White "Riedel, Siegfried"]
[Black "Schierholz, Guenter"]
[Result "1/2-1/2"]
[WhiteElo "1547"]
[BlackElo "1888"]
[PlyCount "87"]
[EventDate "2009.10.31"]
[EventType "swiss"]
[EventRounds "9"]
[EventCountry "GER"]
[SourceTitle "EXT 2022"]
[Source "ChessBase"]
[SourceDate "2021.10.06"]
[SourceVersion "1"]
[SourceVersionDate "2021.10.06"]
[SourceQuality "1"]

1. e4 c5 2. Nc3 e6 3. g3 Nc6 4. Bg2 g6 5. d3 Bg7 6. f4 d6 7. Nf3 Nge7 8. 0-0 a6 9. Be3 Qc7 10. Bf2 Bd7 11. d4 cxd4 12. Nxd4 0-0 13. Nce2 Rad8 14. c3 Bc8 15. Qc2 b5 16. Rac1 Bb7 17. f5 e5 18. Nf3 d5 19. Nh4 g5 20. exd5 Nxd5 21. Nf3 f6 22. Nd2 Na5 23. b4 Nc4 24. Nxc4 Qxc4 25. Bc5 Rfe8 26. Rf2 Bf8 27. Bxf8 Kxf8 28. Qb3 Ba8 29. Qxc4 bxc4 30. a4 Nb6 31. Bxa8 Rxa8 32. a5 Nd5 33. g4 Red8 34. Rf3 Nc7 35. Ng3 Rd5 36. Ne4 Kg7 37. Kf2 Rad8 38. Ke2 Ne8 39. Rff1 Kf7 40. Rfd1 Ke7 41. Rxd5 Rxd5 42. Nc5 Nc7 43. Rd1 Rxd1 44. Kxd1 1/2-1/2

[Event "Hamburg-ch Seniors op 16th"]
[Site "Hamburg"]
[Date "2009.11.03"]
[Round "4"]
[White "Schierholz, Guenter"]
[Black "Cassens, Erhard Otto"]
[Result "0-1"]
[WhiteElo "1888"]
[BlackElo "1731"]
[PlyCount "110"]
[EventDate "2009.10.31"]
[EventType "swiss"]
[EventRounds "9"]
[EventCountry "GER"]
[SourceTitle "EXT 2022"]
[Source "ChessBase"]
[SourceDate "2021.10.06"]
[SourceVersion "1"]
[SourceVersionDate "2021.10.06"]
[SourceQuality "1"]

1. e4 e6 2. d4 d5 3. e5 c5 4. c3 Qb6 5. Nf3 Nc6 6. a3 c4 7. g3 f5 8. exf6 Nxf6 9. Bg2 Bd7 10. 0-0 0-0-0 11. Nbd2 Bd6 12. b3 cxb3 13. Nxb3 Na5 14. Nbd2 Qc7 15. Bb2 h6 16. Re1 Nc4 17. Nxc4 Qxc4 18. Bf1 Qc7 19. Ne5 Bxe5 20. Rxe5 Rhf8 21. Rc1 Ne4 22. f3 Ng5 23. Bg2 Nf7 24. Re3 Nd6 25. Bf1 Kb8 26. Kg2 Rc8 27. Qb3 Nc4 28. Bxc4 dxc4 29. Qc2 Bc6 30. Rf1 Bd5 31. Qe2 Rf6 32. Kg1 Rcf8 33. Bc1 g5 34. Qe1 Qf7 35. Bd2 Bxf3 36. h3 Bd5 37. Rxf6 Qxf6 38. g4 Qe7 39. Qg3+ Kc8 40. Bc1 Rf6 41. Qe1 Qf7 42. Qe2 Kd7 43. Bb2 Kc6 44. Bc1 Kb5 45. Bb2 Qg6 46. Qd1 Qf7 47. Qe2 Rf3 48. Bc1 Rxe3 49. Qxe3 Qg6 50. Qe2 Qb1 51. Qb2+ Qxb2 52. Bxb2 Ka4 53. Bc1 Kb3 54. Bd2 Kxa3 55. h4 Kb3 0-1

[Event "Hamburg-ch Seniors op 16th"]
[Site "Hamburg"]
[Date "2009.11.01"]
[Round "2"]
[White "Schierholz, Guenter"]
[Black "Voss, Werner"]
[Result "0-1"]
[WhiteElo "1888"]
[BlackElo "1689"]
[PlyCount "142"]
[EventDate "2009.10.31"]
[EventType "swiss"]
[EventRounds "9"]
[EventCountry "GER"]
[SourceTitle "EXT 2022"]
[Source "ChessBase"]
[SourceDate "2021.10.06"]
[SourceVersion "1"]
[SourceVersionDate "2021.10.06"]
[SourceQuality "1"]

1. e4 e5 2. Nf3 Nf6 3. Nc3 Nc6 4. d4 exd4 5. Nxd4 Bb4 6. Nxc6 bxc6 7. Bd3 d5 8. exd5 cxd5 9. Bd2 0-0 10. 0-0 c6 11. h3 Re8 12. Re1 Be6 13. Ne2 Bc5 14. b3 Qb6 15. Rf1 Ne4 16. Bxe4 dxe4 17. Bc3 Rad8 18. Qe1 Qb8 19. Kh1 Rd7 20. Ng3 f5 21. Nh5 Qb6 22. Qe2 Bd4 23. Bxd4 Rxd4 24. Qe3 Qd8 25. Qc3 Re7 26. Rae1 Bf7 27. Ng3 Bg6 28. Qxc6 Rd6 29. Qb5 Rd5 30. Qe2 f4 31. c4 Rd2 32. Qg4 fxg3 33. Qxg3 Qd6 34. Qxd6 Rxd6 35. Re2 Rc7 36. Rc1 a5 37. Rb2 Rd4 38. Kg1 Bf7 39. Kf1 Bh5 40. g3 Kf8 41. Rbc2 Bf3 42. g4 Rcd7 43. Kg1 Rd1+ 44. Kh2 Rxc1 45. Rxc1 Rd2 46. c5 Ke7 47. c6 Kd8 48. Kg3 Kc7 49. Rc5 Rxa2 50. Rf5 Kxc6 51. Rf7 Rb2 52. Rxg7 Rxb3 53. Rxh7 Be2+ 54. Kf4 Rf3+ 55. Ke5 Bd3 56. Rh6+ Kb5 57. g5 Rxf2 58. g6 Rg2 59. Kd4 Bc2 60. h4 a4 61. h5 a3 62. Rh8 a2 63. Rb8+ Kc6 64. Ra8 Kb7 65. Ra3 Bb1 66. Rb3+ Kc7 67. Rc3+ Kd6 68. Ra3 Rg5 69. Ra6+ Ke7 70. h6 Rxg6 71. h7 Rxa6 0-1

[Event "Pinneberg-ch"]
[Site "Pinneberg"]
[Date "2006.09.28"]
[Round "7.18"]
[White "Retzlaff, Wolfgang"]
[Black "Schierholz, Guenter"]
[Result "0-1"]
[WhiteElo "1719"]
[BlackElo "1855"]
[PlyCount "60"]
[EventDate "2006.08.22"]
[EventType "swiss"]
[EventRounds "7"]
[EventCountry "GER"]
[SourceTitle "EXT 2007"]
[Source "ChessBase"]
[SourceDate "2006.11.23"]
[SourceVersion "1"]
[SourceVersionDate "2006.11.23"]
[SourceQuality "1"]

1. c4 e5 2. Nc3 Nc6 3. Nf3 f5 4. e4 fxe4 5. Nxe4 Nf6 6. d3 Bb4+ 7. Bd2 Bxd2+ 8. Qxd2 d6 9. Be2 0-0 10. 0-0 Bg4 11. h3 Bh5 12. g4 Bg6 13. Ng3 Qd7 14. Nh4 Nd4 15. Nxg6 hxg6 16. Kg2 Rae8 17. g5 Nh7 18. Bg4 Qe7 19. h4 Rf4 20. f3 Nf8 21. Rae1 Nfe6 22. Bxe6+ Qxe6 23. Re4 Ref8 24. Qe3 Rxf3 25. Qxd4 Rxg3+ 26. Kxg3 Rxf1 27. Qxa7 Qf5 28. Qe3 Rh1 29. Qa7 Rh3+ 30. Kg2 Qf3+ 0-1

[Event "Pinneberg-ch"]
[Site "Pinneberg"]
[Date "2006.08.25"]
[Round "2.5"]
[White "Schierholz, Guenter"]
[Black "Putzbach, Gerd"]
[Result "0-1"]
[WhiteElo "1855"]
[BlackElo "2268"]
[PlyCount "100"]
[EventDate "2006.08.22"]
[EventType "swiss"]
[EventRounds "7"]
[EventCountry "GER"]
[SourceTitle "EXT 2007"]
[Source "ChessBase"]
[SourceDate "2006.11.23"]
[SourceVersion "1"]
[SourceVersionDate "2006.11.23"]
[SourceQuality "1"]

1. e4 c5 2. Nf3 e6 3. d4 cxd4 4. Nxd4 Nf6 5. Nc3 d6 6. f4 a6 7. Qf3 Qc7 8. Bd3 b5 9. Be3 Bb7 10. g4 b4 11. Nce2 e5 12. fxe5 dxe5 13. Nf5 g6 14. Nh6 Bg7 15. 0-0 Rf8 16. Ng3 Ng8 17. Nxg8 Rxg8 18. g5 Rf8 19. Qe2 Nc6 20. Rf2 Nd4 21. Qd2 a5 22. Raf1 Rd8 23. Qd1 Bc8 24. h4 Bh3 25. Re1 Qd7 26. Bxd4 Qxd4 27. Bb5+ Ke7 28. Qxd4 Rxd4 29. Bd3 f6 30. Ne2 Rdd8 31. Kh2 Be6 32. b3 h6 33. gxh6 Bxh6 34. Ref1 Rf7 35. Ng3 Bf4 36. Kg2 Rh8 37. Rh1 Rfh7 38. Ne2 Rxh4 39. Rxh4 Rxh4 40. Nxf4 Rxf4 41. Re2 Kd6 42. Re1 f5 43. exf5 gxf5 44. Ra1 Bd5+ 45. Kg3 Rf3+ 46. Kh4 e4 47. Ba6 Rf2 48. Rc1 Ke5 49. a3 Kd4 50. axb4 axb4 0-1

[Event "Pinneberg-ch"]
[Site "Pinneberg"]
[Date "2005.09.22"]
[Round "7"]
[White "Schierholz, Guenter"]
[Black "Meyerhold, Sven"]
[Result "1-0"]
[WhiteElo "1845"]
[BlackElo "1957"]
[PlyCount "91"]
[EventDate "2005.08.11"]
[EventType "swiss"]
[EventRounds "7"]
[EventCountry "GER"]
[SourceTitle "EXT 2006"]
[Source "ChessBase"]
[SourceDate "2005.11.24"]
[SourceVersion "1"]
[SourceVersionDate "2005.11.24"]
[SourceQuality "1"]

1. e4 c5 2. Nf3 d6 3. d4 cxd4 4. Nxd4 Nf6 5. Nc3 a6 6. a4 e5 7. Nb3 Be6 8. Be2 Be7 9. 0-0 Qc7 10. Be3 b6 11. f4 Nbd7 12. Kh1 0-0 13. f5 Bc4 14. Nd5 Nxd5 15. exd5 Nf6 16. Bg5 Bxe2 17. Qxe2 Nxd5 18. Bxe7 Qxe7 19. Rad1 Nf6 20. g4 h6 21. h4 Qb7+ 22. Kh2 Qe4 23. Qxe4 Nxe4 24. Rfe1 Nf2 25. Rxd6 Nxg4+ 26. Kg3 h5 27. Rxb6 Rfc8 28. Re2 Rc4 29. a5 Nf6 30. c3 Rg4+ 31. Kh3 Nd5 32. Rd2 Nxb6 33. axb6 Rb8 34. Rd6 e4 35. Nd4 e3 36. Ne2 Kf8 37. Rc6 Ke7 38. c4 Kd7 39. Rc7+ Kd8 40. c5 Rc8 41. Rxf7 Rxc5 42. Rf8+ Ke7 43. b7 Rcc4 44. b8Q Rxh4+ 45. Kg2 Rcg4+ 46. Ng3 1-0